000 00803nam a2200265Ia 4500
001 844
003 GE_BSU
008 181216s||||||||xx |||||||||||||| ||und||
020 _a5804601504
040 _cGE_BSU
080 _a159.9(075.8):34(075.8)
100 _aВасильев,В.Л.
245 _aЮридическая психология
245 _bУч-к для студ.по спец. "юриспруденция". Серия "учебник нового века
250 _a3-е доп. и перераб.
260 _aСПБ
260 _bПитер
260 _c2000
300 _a624стр.
541 _h18л.
653 _aЮридическая психология
653 _aЮриспруденция
653 _aფსიქოლოგია
942 _cBK
999 _c35006
_d35006